21. medzinárodná vedecká konferencia katedier a pracovísk mechaniky tekutín a termomechaniky : Zborník z medzinárodnej vedeckej konferencie

Enregistré dans:
Détails bibliographiques
Collectivité auteur: 21. medzinárodná vedecká konferencia katedier a pracovísk mechaniky tekutín a termomechaniky Nitra, Slovenská republika. Račková dolina - Západné Tatry
Format: Actes de congrès Livre
Langue:multilingue
Publié: Nitra : SPU v Nitre, 2002
Sujets:
Tags: Ajouter un tag
Pas de tags, Soyez le premier à ajouter un tag!

MARC

LEADER 00000nam a22000003a 4500
001 stu76931
005 20150408161756.0
008 020808s2002----xo------------------mul-d
020 |a 80-8069-037-5 
040 |a STU  |b slo 
041 0 |a mul 
044 |a xo 
080 |a 532+536 
111 2 |a 21. medzinárodná vedecká konferencia katedier a pracovísk mechaniky tekutín a termomechaniky  |d (5.-7.jún 2002 :  |c Nitra, Slovenská republika. Račková dolina - Západné Tatry) 
245 |a 21. medzinárodná vedecká konferencia katedier a pracovísk mechaniky tekutín a termomechaniky :  |b Zborník z medzinárodnej vedeckej konferencie 
260 |a Nitra :  |b SPU v Nitre,  |c 2002 
300 |a 235 s 
650 7 |a mechanika tekutín  |2 stusub 
650 7 |a hydromechanika  |2 stusub 
650 7 |a Termomechanika  |2 stusub 
996 |b 284M050427  |c M*Z-2082  |l MMKN  |s A  |a 24  |w stu76931_0001